Word Ladder: Stinging Feet Quiz Stats

 Plays Quiz Updated Feb 3, 2018

Challenge
Share
Tweet
Embed
Score 0/40 Timer 04:00
0 Plays Today
Clue 4-Letter Word % Correct
A stick for magicWAND
98.6%
Grape-based alcoholic beverageWINE
97.9%
Fired a gunSHOT
95.6%
The bottom of the faceCHIN
94.3%
Chimney dustSOOT
93.9%
DecreaseWANE
93.9%
Metallic thread or cableWIRE
92.8%
Place to make a purchaseSHOP
92.7%
MaizeCORN
92.6%
Gambling tokenCHIP
92.5%
Cleave, sever, or cutCHOP
90.8%
Slot filler?COIN
90.1%
Throw lightlyTOSS
90%
A big quizTEST
89.2%
Food for a pigSLOP
88.4%
Had on one's bodyWORE
87.4%
Blue-greenTEAL
87.4%
In painSORE
86.5%
Group togetherSORT
86.3%
Convert from a solid to a liquid stateMELT
86.3%
Clue 4-Letter Word % Correct
A shopping precinctMALL
86.2%
Animal flesh for consumptionMEAT
86%
Chair, stool, etc.SEAT
85.9%
Suckling siteTEAT
85.1%
Hardy's '___ of the D'Urbervilles'TESS
85.1%
Processed grain used in a number of beveragesMALT
85%
Project saliva from the mouthSPIT
84.7%
___ d'oeuvreHORS
82.1%
Son on 'Bonanza'HOSS
81.7%
A narrow incisionSLIT
81.2%
• [1]+[11] A sneaker for the beach? ••SAND•
80.5%
Of great statureTALL
79.7%
Wooden beam in, say, a fenceSLAT
78.8%
RelateTELL
78.2%
• [1]+[11] A sneaker for the beach? •
• [11]+[20] Force something where it does not fit •
•SHOE•
77%
• [11]+[20] Force something where it does not fit •
• [20]+[30] A wood wasp •
•HORN•
76.6%
Blackthorn fruitSLOE
73.6%
A type of armorMAIL
72.2%
• [20]+[30] Harry Potter Hungarian dragon •
• [30]+[40] Uncontrollable spiralling descent •
•TAIL•
67.3%
• [30]+[40] Uncontrollable spiralling descent ••SPIN•
66.8%

Today's Daily Dose

Word Ladder
Anchorman

Get the Picture
'Head' Bands

You're not logged in!

Compare scores with friends on all Sporcle quizzes.
OR
Log In

You Might Also Like...

Show Comments

Extras

Top Quizzes Today


Score Distribution

Your Account Isn't Verified!

In order to create a playlist on Sporcle, you need to verify the email address you used during registration. Go to your Sporcle Settings to finish the process.

Report this User

Report this user for behavior that violates our Community Guidelines.

Details: